|
|
|
|
| LEADER |
00000cam a2200000 a 4500 |
| 001 |
1/116790 |
| 008 |
180611nyyyy####gr | ||| |||| ||gre|| |
| 040 |
|
|
|a GR-MyUa
|b gre
|c GR-MyUa
|e AACR2
|
| 041 |
0 |
|
|a gre
|
| 082 |
7 |
|
|a 889.4
|2 (23)
|
| 100 |
1 |
|
|a Καζαντζάκης, Νίκος,
|d 1883-1957.
|
| 245 |
1 |
0 |
|a Ασκητική :
|b salvatores dei /
|c Νϊκου Καζαντζάκη.
|
| 260 |
|
|
|a [Αθήνα] :
|b Σύμπαν,
|c [χ.χ.]
|
| 300 |
|
|
|a 111 σ. ;
|c 17 εκ.
|
| 500 |
|
|
|a Πρόλογος Octave Merlier.
|
| 650 |
|
0 |
|a Greek fiction, Modern
|
| 852 |
|
|
|a INST
|b LESVOS
|e 20180611
|h 889.4 ΚΑΖ
|p 005100060434
|q 005100060434
|t BK
|y 0
|
| 970 |
|
|
|a Τζαφέρη
|b Ευαγγελία
|z 11-06-2018
|